The Growth of World Industry 1969 Edition : La Croissance de ĺ Industrie Mondiale Édition de 1969

Guardado en:
Detalles Bibliográficos
Formato: Libro
Lenguaje:lenguas múltiples
Publicado: New York : United Nations, 1971
Etiquetas: Agregar Etiqueta
Sin Etiquetas, Sea el primero en etiquetar este registro!

MARC

LEADER 00000nam a22000003a 4500
001 stu36596
005 20141122052343.5
008 920611s1971----xxu-----------------mul-d
040 |a STU  |b slo 
041 0 |a mul 
044 |a xxu 
245 |a The Growth of World Industry 1969 Edition :  |b La Croissance de ĺ Industrie Mondiale Édition de 1969 
260 |a New York :  |b United Nations,  |c 1971 
300 |a 531 s 
996 |b 284M012461  |c M*5566/1-1  |l MMKN  |s A  |a 24  |w stu36596_0001